000 00255nam a2200097Ia 4500
008 230907s9999||||xx |||||||||||||| ||und||
082 _a621.31
_bADV
245 0 _aAdvances in electric power and energy systems :
300 _axiii, 304 pages :
942 _cBK
999 _c599961
_d599961